000 00573nam a22002057a 4500
003 UA-OsUOA
001 106107
007 ta
008 20140505b un ||||| |||| 00| 0 ukr d
090 _a330(477)
_bТ65
942 _cSA
040 _aUA-OsUOA
_bukr
_cUA-OsUOA
_dUA-OsUOA
245 _aТрансфертне ціноутворення: проблеми і рішення
300 _aС.1,3
955 _a0
041 _aukr
080 _a330(477)
773 0 _w106106
_tУкраїна- business
_dК.
_d2014
_g17
650 7 _a330 Економіка взагалі
_2UDC
999 _c392066
_d392066